• 首页
  • 本馆介绍
  • 公告通知
  • 最新文献
  • 馆藏检索
  • 电子资源
  • 读者导购
  • 参考咨询
  • 我的图书馆
  • 登录
  • 详细信息显示
  • 放入我的书架
  • 预约/预借图书
  • 作者相关作品
  • 分类相关作品
  • 丛书相关作品
  • 出版社相关作品

书目信息

  • 表格格式
  • 工作单格式
  • 卡片格式
题名:
体育
    
 
作者: 瞿葆奎 主编
分册:  
出版信息: 北京   人民教育出版社  1988.05
页数: 724页
开本: 20cm
丛书名:
单 册:
中图分类: G80
科图分类:
主题词: 体育理论
电子资源:
ISBN: 7-107-10003-3
000 00505nam0 2200193 450
001 0755232370
005 20071126152147.99
010    @a7-107-10003-3@dCNY5.25
100    @a20071126d1988 km y0chiy0120 ea
101 0  @achi
102    @aCN@b110000
200 1  @a体育@Ati yu@f瞿葆奎主编@Fqu bao kui zhu bian
210    @a北京@c人民教育出版社@d1988.05
215    @a724页@d20cm
606 0  @a体育理论
690    @aG80@v4
701  0 @a瞿葆奎@Aqu bao kui@4主编
801  0 @aCN@bPFT@c20071126
905    @aBZT@dG80@e18
    
    体育/瞿葆奎主编.-北京:人民教育出版社,1988.05
    724页;20cm
    
    
    ISBN 7-107-10003-3:CNY5.25
    
●
相关链接 在五车中查询图书 在当当中查询图书 在豆瓣中查询图书


正题名:体育     索取号:G80/18         预约/预借

序号 登录号 条形码 馆藏地/架位号 状态 备注
1 030319   200848164   中心书库北库/ 北库026架B面5列6层2/ [索取号:G80/18] 在馆    
山东省滨州职业学院图书馆 欢迎您!
大连网信软件有限公司© 版权所有